Principal of CAD/CAM/CAE

Zapisane w:
Opis bibliograficzny
1. autor: Lee, Kunwoo
Format: Książka
Język:Undetermined
Wydane: Massachusetts Addison - Wesley Longman 1999
Hasła przedmiotowe:
Etykiety: Dodaj etykietę
Nie ma etykietki, Dołącz pierwszą etykiete!
Thư viện lưu trữ: Trung tâm Học liệu Trường Đại học Cần Thơ
LEADER 00512nam a2200193Ia 4500
001 CTU_64637
008 210402s9999 xx 000 0 und d
020 |b 603000 
082 |a 620.00420285 
082 |b L478 
100 |a Lee, Kunwoo 
245 0 |a Principal of CAD/CAM/CAE 
245 0 |c Kunwoo Lee 
260 |a Massachusetts 
260 |b Addison - Wesley Longman 
260 |c 1999 
650 |a AutoCAD ( computer programs ) 
904 |i Minh 
980 |a Trung tâm Học liệu Trường Đại học Cần Thơ